| 000 | 01096nam a22001817a 4500 | ||
|---|---|---|---|
| 003 | BDDh-ASL | ||
| 005 | 20231015031042.0 | ||
| 008 | 221204s1872 ii ||||| |||| 00| 0 urd d | ||
| 040 |
_aBDDh-ASL _cBDDh-ASL |
||
| 041 | _aurd | ||
| 082 |
_a297.4 _bAKS |
||
| 245 | 0 | 0 | _aAksirul Qulub : / اکسیر القلوب |
| 260 |
_aLucknow : _bNawal Kishore , _c1872. |
||
| 300 |
_a706 p. : _c26 cm. |
||
| 650 | 0 |
_aSufism, ˈso͞ofˌizəm, সুফিবাদ, Suphibāda, রহস্যবাদ, obscurantism, সুফি-পীর-দরবেশ, Suphi-pīra-darabēśa, Sufi-pir-dervish, পীর-দরবেশ, Pīra-darabēśa, Peer-Darbesh, ওলী-আউলিয়ার, Ōlī-ā'uliẏāra, Oli-Auliar, yogi, ˈyōɡē, যোগী, Yōgī, সন্ন্যাসী, Sann'yāsī, monastic, ভিক্ষু, ধর্মার্থ মঠবাসী ব্যক্তি, recluse, monk, নির্জনবাসী ব্যক্তি, saint, sānt, সাধু, Sādhu, সন্ত, patron saint _92764 |
|
| 700 | 1 |
_aKarim, Muhamman Nur _96734 |
|
| 942 |
_2ddc _cBK |
||
| 999 |
_c29655 _d29655 |
||